Βυζαντινό & Χριστιανικό Μουσείο : η μόνιμη έκθεση

Saved in:
Bibliographic Details
Corporate Author: Βυζαντινό και Χριστιανικό Μουσείο (Αθήνα)
Format: Book
Language:Greek
Published: [Αθήνα] : Βυζαντινό & Χριστιανικό Μουσείο, [2010;]
Subjects:
Tags: Add Tag
No Tags, Be the first to tag this record!

MARC

LEADER 00000cam a2200000 i 4500
001 1/9148
008 100709s2010 gre d
020 |a 978-960-214-852-5 
035 |l 10108523 
040 |a GR-MY-UA  |b gre  |e aacr 
041 0 |a gre 
082 0 |a 708.495  |2 (22) 
082 0 |a 708.949512 
110 2 |a Βυζαντινό και Χριστιανικό Μουσείο (Αθήνα) 
245 1 0 |a Βυζαντινό & Χριστιανικό Μουσείο :  |b η μόνιμη έκθεση /  |c Υπουργείο Πολιτισμού & Τουρισμού - Βυζαντινό & Χριστιανικό Μουσείο 
260 |a [Αθήνα] :   |b Βυζαντινό & Χριστιανικό Μουσείο,   |c [2010;] 
300 |a 65 σ.;  |b έγχρ. εικ.;  |c 25 εκ. 
610 2 0 |a Βυζαντινό και Χριστιανικό Μουσείο (Αθήνα)  |x Exhibitions. 
650 0 0 |a Art, Byzantine  |z Greece  |z Exhibitions. 
650 0 0 |a Art, Byzantine  |z Greece  |z Athens  |x Collections. 
651 0 |a Greece  |x Antiquities, Byzantine  |x Catalogs. 
852 |a INST  |b LESVOS  |e 20200326  |h 708.949512 ΒΥΖ  |p 005100062538  |q 005100062538  |t BK  |y 0 
852 |a INST  |b RHODES  |e 20100709  |h 708.495 ΒΥΖ  |p 005400032822  |q 005400032822  |t BK  |y 0 
901 |a BIBL4-2010-2 
909 |a Ρ  |b 163291 
970 |a ΚΟΖΑ  |b ΜΑΡΙΑ  |z 2010/07/09